Méthodes et modèles en statistique non parametric

Tallennettuna:
Bibliografiset tiedot
Päätekijät: Baille, Alain (Tekijä), Capéraà, Philippe (Tekijä), Cutsem, Bernard van (Tekijä)
Aineistotyyppi: Kirja
Kieli:ranska
Julkaistu: París Dunod 1988
Aiheet:
Tagit: Lisää tagi
Ei tageja, Lisää ensimmäinen tagi!

MARC

LEADER 00000nam a2200000 a 4500
001 UCW1760
003 CL-VaPUC
008 930611e19880000FR |||||||||||||||||fre|d
082 0 4 |a 519.5  |b BAI  |2 21 
100 0 |a Baille, Alain  |e author  |9 305814 
700 0 |a Capéraà, Philippe  |e author  |9 305815 
700 0 |a Cutsem, Bernard van  |e author  |9 305816 
245 1 0 |a Méthodes et modèles en statistique non parametric 
300 |a 2 v 
942 |c BK 
945 |d 19930611 00:00:00  |a mfernand 
260 |a París  |b Dunod  |c 1988 
650 0 |a Estadística no paramétrica   |9 270089 
583 |a last modification  |c 19930611 00:00:00  |k Rodrigo Vera 
999 |c 216587  |d 216585 
952 |0 0  |1 0  |4 0  |6 519_500000000000000_BAI_1988  |7 0  |8 A  |9 202415  |a BIBGIM  |b BIBGIM  |d 2019-11-14  |h v.2  |i 2695308  |o 519.5 BAI 1988  |p 2695308  |r 2025-01-15  |w 2019-11-14  |y BK  |k EST